00880 a2200241 450000500170000000800410001701000140005802000270007203500130009903700150011208200130012724501070014026000460024727000460029330000270033950000190036670000160038570000210040170000230042294200480044599900150049395201300050820080826171741.0080826t xxu||||| |||| 00| 0 eng d aENG-87238 a9788184500158c1250.00 aEN-70771 bDBAD / PUB a332.1068 aRisk management in banking and insurancecedited by S.B. Verma, Yogesh Upadhyay [and] R.K. Shrivastawa aNew DelhibDeep & Deep Publicationsc2007 aF-159, Rajouri GardenbNew Delhie110 027 axv, 432p.c22cm (Hb ) aIncludes index aVerma, S.B. aUpadhyay, Yogesh aShrivastava,, R.K. adplcENk332.1068 / RES2ddch332.1068mRES c6264d6264 00104070aDBADbDBADd2008-08-26g1250.00l0o332.1068 RESpEN-70771r2008-09-15 00:00:00t1u6743v1250.00w2008-09-15yEN